| 000 | 00711nam a22001697a 4500 | ||
|---|---|---|---|
| 008 | 140903b xxu||||| |||| 00| 0 eng d | ||
| 020 | _a9781405780575 | ||
| 050 | _aKD310.H16(4\5e 2014) | ||
| 245 |
_aHalsbury's Laws of England : Consolidated Table of Statutes 2014. / _cedited by Lord Mackay. |
||
| 250 | _a4th and 5th ed. | ||
| 260 |
_aLondon: _bLexis Nexis, _c2013. |
||
| 300 |
_aix,480p.: _c26cm. |
||
| 440 | _pConsolidated Table of Statutes 2014. | ||
| 505 | _aContents: Publisher's note -- How to use Halsburys' laws of England -- List of Volumes, paragraph numbers and titles -- Consolidated table of statutes -- Consolidated table of foreign enactments. | ||
| 700 | _aMackay, Lord. | ||
| 942 |
_2lcc _cBK |
||
| 999 |
_c4121 _d11621 |
||